000 01791cam a22001818i 4500
020 _a9781633694118
040 _cMH
082 0 0 _a152 HAR 2015 A117 Or.
245 0 0 _aHBR everyday emotional intelligence.
246 3 _aHarvard Business Review everyday emotional intelligence
246 3 0 _aEveryday emotional intelligence
300 _apages cm
520 _aAccording to research by Daniel Goleman, emotional intelligence has proved to be twice as important as other competencies such as technical skills and IQ in determining outstanding leadership. It is now one of the crucial criteria in hiring and promotion processes, performance evaluations, and professional development courses. And it's not innate--it's a skill that all of us can improve. With this double volume you'll get HBR's 10 Must Reads on Emotional Intelligence and the HBR Guide to Emotional Intelligence. That's 10 definitive HBR articles on emotional intelligence by Goleman and other leaders in the field, selected by our editors--paired with smart, focused advice from HBR experts about how to implement those ideas in your daily work life. With Everyday Emotional Intelligence, you'll learn how to: - Recognize your own EQ strengths and weaknesses - Regulate your emotions in tough situations - Manage difficult people - Build the social awareness of your team - Motivate yourself through ups and downs - Write forceful emails people won't misinterpret - Make better, less emotionally biased decisions - Help an employee develop emotional intelligence - Handle specific situations like crying at work, tense communications across different cultures, and making decisions without emotional bias--
650 0 _aEmotional intelligence.
650 0 _aWork
650 0 _aPsychology, Industrial.
942 _cAEDBB
999 _c17548
_d17548